Symbolika nemocí

Bibliographic Details
Main Author: Vanek, Marcel, 1964- (Author)
Other Authors: Vanek, Marián, 1941- (Illustrator)
Format: Book
Language:Czech
PhysicalDescription:337 strán ilustrácie 25 cm
Published: Sušice Milahelp s.r.o. 2019
ISBN:9788087279199
Edition:Třetí vydání
Subjects:

MARC

LEADER 00000nam a2200000 4500
001 vtls011869577
003 SK-MaSNL
005 20260301101344.0
008 200507s2019 xr a erf 000 0 cze
015 |a SNBZSA2020/01 
020 |a 9788087279199  |q (viazané) 
035 |a urn:nbn:sk:snk-am00e065 
035 |a urn:nbn:sk:snk-am3ia8g 
035 |a 482971C1-2BE3-4DA8-BABE-BD86E6FDC55C 
040 |a SNK  |b slo  |c SNK  |e rda 
041 0 |a cze 
044 |a xr  |c CZ 
072 7 |a 616-092  |x Experimentálna medicína  |2 konspekt 
080 |a 616-092.11  |2 2011 
080 |a 159.9.016.1  |2 2011 
080 |a 316.728-021.465  |2 2011 
080 |a (0.062)  |2 2011 
080 |a (035)  |2 2011 
100 1 |a Vanek, Marcel,  |d 1964-  |4 aut  |9 331752 
245 1 0 |a Symbolika nemocí  |c Marcel Vanek ; ilustrace: Marián Vanek 
250 |a Třetí vydání 
264 1 |a Sušice  |b Milahelp s.r.o.  |c 2019 
300 |a 337 strán  |b ilustrácie  |c 25 cm 
336 |a text  |b txt  |2 rdacontent 
337 |a bez média  |b n  |2 rdamedia 
338 |a zväzok  |b nc  |2 rdacarrier 
650 0 7 |a zdravie a choroba  |2 SNKPH  |9 4955 
650 0 7 |a telo a myseľ  |2 SNKPH  |9 74630 
650 0 7 |a kvalita života  |2 SNKPH  |9 1705 
650 0 7 |a Health and disease  |2 SNKPHeng  |9 313140 
650 0 7 |a Body and mind  |2 SNKPHeng  |9 182705 
650 0 7 |a Quality of life  |2 SNKPHeng  |9 265996 
655 7 |a populárno-náučné publikácie  |2 SNKPH  |9 70460 
655 7 |a Popular works  |2 SNKPHeng  |9 90287 
655 7 |a príručky  |2 SNKPH  |9 74364 
655 7 |a Handbooks, manuals, etc.  |2 SNKPHeng  |9 90964 
700 1 |a Vanek, Marián,  |d 1941-  |4 ill  |9 219341 
919 |a 978-80-87279-19-9 
958 |a ZS 
958 |a CZ 
958 |a MI 
999 |c 688994  |d 690924 
952 |a SNK  |b SNK  |y PREZ  |7 0  |p 17A1392734  |o snkSC 186839  |i snk2019/29543  |8 4  |g 10.10  |0 0  |1 0  |4 0  |d 2019-06-05  |f 1  |l 0  |r 2026-02-23 20:22:04  |w 2026-02-23